New Pokemon Snap Photodex - Statistics

General Stats
  • This quiz has been taken 273 times
    252 since last reset
  • The average score is 123 of 234
Answer Stats
Name % Correct
030 Pikachu
88%
002 Pichu
80%
095 Raichu
80%
070 Bulbasaur
79%
099 Squirtle
79%
149 Charmander
78%
100 Blastoise
76%
150 Charizard
75%
052 Venusaur
72%
029 Eevee
71%
020 Magikarp
71%
060 Mew
71%
212 Umbreon
71%
152 Flareon
70%
077 Espeon
68%
198 Jolteon
68%
028 Meganium
68%
059 Leafeon
67%
006 Pidgeot
67%
026 Sylveon
66%
106 Vaporeon
66%
121 Lugia
64%
223 Cleffa
63%
187 Gengar
63%
004 Scorbunny
63%
045 Arbok
62%
011 Caterpie
62%
014 Dodrio
62%
181 Glaceon
62%
035 Meowth
62%
019 Torterra
62%
078 Celebi
61%
153 Ho-oh
61%
021 Hoothoot
61%
089 Machamp
61%
137 Onix
61%
037 Rattata
61%
217 Snorlax
61%
192 Clefairy
59%
079 Milotic
59%
200 Steelix
59%
056 Swampert
59%
016 Swanna
59%
136 Tyranitar
59%
104 Wailord
59%
009 Wurmple
59%
214 Xerneas
59%
017 Bidoof
58%
065 Deerling
58%
015 Ducklett
58%
023 Florges
58%
185 Geodude
58%
003 Grookey
58%
224 Gyarados
58%
174 Jynx
58%
101 Lapras
58%
164 Sandslash
58%
066 Sawsbuck
58%
048 Toucannon
58%
151 Typhlosion
58%
001 Vivillon
58%
110 Wailmer
58%
040 Dedenne
57%
008 Emolga
57%
127 Flygon
57%
201 Houndoom
57%
108 Luvdisc
57%
162 Mamoswine
57%
176 Piplup
57%
055 Quagsire
57%
125 Sandshrew
57%
058 Sobble
57%
080 Wingull
57%
024 Combee
55%
081 Exeggutor
55%
053 Liepard
55%
142 Monferno
55%
103 Pelipper
55%
047 Pikipek
55%
085 Seviper
55%
175 Spheal
55%
049 Ariados
54%
186 Carbink
54%
022 Comfey
54%
093 Finneon
54%
155 Furret
54%
012 Heracross
54%
013 Pinsir
54%
018 Taillow
54%
126 Trapinch
54%
054 Wooper
54%
138 Altaria
53%
086 Bellossom
53%
005 Bouffalant
53%
116 Chinchou
53%
111 Cradily
53%
218 Feraligatr
53%
173 Froslass
53%
074 Gardevoir
53%
117 Lanturn
53%
112 Lumineon
53%
107 Manaphy
53%
043 Metapod
53%
071 Serperior
53%
118 Starmie
53%
007 Tangrowth
53%
132 Torchic
53%
025 Vespiquen
53%
084 Zangoose
53%
204 Absol
51%
143 Aerodactyl
51%
041 Aipom
51%
036 Audino
51%
094 Clamperl
51%
183 Crobat
51%
199 Diancie
51%
210 Golurk
51%
145 Graveler
51%
064 Kecleon
51%
076 Lotad
51%
134 Lycanroc
51%
203 Natu
51%
027 Shaymin
51%
147 Slugma
51%
168 Snom
51%
034 Starly
51%
033 Stoutland
51%
182 Suicune
51%
228 Tepig
51%
148 Torkoal
51%
166 Vulpix
51%
159 Weavile
51%
124 Cacnea
50%
062 Espurr
50%
169 Frosmoth
50%
135 Hippowdon
50%
213 Jirachi
50%
184 Joltik
50%
057 Ledian
50%
140 Luxray
50%
075 Ninetales
50%
206 Noivern
50%
097 Primarina
50%
088 Pyukumuku
50%
098 Sharpedo
50%
163 Skarmory
50%
161 Swinub
50%
061 Trevenant
50%
144 Tyrantrum
50%
154 Volcarona
50%
114 Clawitzer
49%
092 Corsola
49%
031 Cutiefly
49%
202 Eldegoss
49%
119 Frillish
49%
172 Glalie
49%
129 Mandibuzz
49%
102 Mantine
49%
158 Mightyena
49%
188 Noibat
49%
139 Shinx
49%
051 Slaking
49%
039 Sudowoodo
49%
141 Talonflame
49%
157 Beartic
47%
044 Beautifly
47%
167 Delibird
47%
179 Dewgong
47%
120 Golisopod
47%
128 Kangaskhan
47%
232 Koffing
47%
130 Minior
47%
069 Pancham
47%
205 Salandit
47%
063 Shiftry
47%
171 Snorunt
47%
038 Trubbish
47%
109 Alomomola
46%
072 Applin
46%
073 Bewear
46%
042 Bounsweet
46%
032 Bunnelby
46%
082 Crabrawler
46%
190 Croagunk
46%
156 Cubchoo
46%
068 Drampa
46%
196 Goodra
46%
105 Mareanie
46%
010 Murkrow
46%
193 Sableye
46%
177 Vanilluxe
46%
046 Yanmega
46%
165 Abomasnow
45%
225 Diglett
45%
195 Hydreigon
45%
197 Mawile
45%
091 Octillery
45%
220 Psyduck
45%
113 Qwilfish
45%
096 Sandygast
45%
208 Sigilyph
45%
233 Swalot
45%
067 Unfezant
45%
207 Woobat
45%
180 Aurorus
43%
178 Avalugg
43%
170 Crabominable
43%
083 Drifblim
43%
216 Foongus
43%
050 Morelull
43%
226 Rockruff
43%
123 Skorupi
43%
115 Tentacruel
43%
160 Braviary
42%
211 Chandelure
42%
191 Drifloon
42%
146 Archeops
41%
133 Heliolisk
41%
087 Inkay
41%
194 Rampardos
41%
215 Shroomish
41%
227 Salazzle
39%
090 Stunfisk
39%
221 Ursaring
39%
122 Wishiwashi
39%
229 Crustle
38%
131 Silicobra
38%
209 Beheeyem
37%
234 Zeraora
37%
189 Pumpkaboo
36%
219 Tropius
36%
231 Scolipede
34%
222 Drilbur
32%
230 Gliscor
24%
No matching quizzes found
Score Distribution
Percent of People with Each Score
Percentile by Number Answered
Your Score History
You have not taken this quiz since the last reset